[Event "World Team Chess Championship"]
[Site "Khanty-Mansiysk, RUS."]
[Date "2017.06.23"]
[Round "6.16"]
[White "Dastan Muhammed Batuhan (TUR)"]
[Black "Negi Parimarjan (IND)"]
[Result "1/2-1/2"]
[BlackElo "2670"]
[WhiteElo "2519"]
[LiveChessVersion "1.4.8"]

1. e4 {[%clk 1:30:58]} e5 {[%clk 1:30:24]} 2. Nf3 {[%clk 1:31:23]} Nc6
{[%clk 1:30:47]} 3. Bc4 {[%clk 1:31:48]} Nf6 {[%clk 1:31:01]} 4. d3
{[%clk 1:32:12]} Be7 {[%clk 1:30:44]} 5. O-O {[%clk 1:32:33]} O-O
{[%clk 1:30:53]} 6. Re1 {[%clk 1:33:00]} d6 {[%clk 1:31:00]} 7. a4
{[%clk 1:33:25]} Na5 {[%clk 1:30:06]} 8. Ba2 {[%clk 1:33:47]} c5 {[%clk 1:30:27]}
9. Na3 {[%clk 1:34:04]} Nc6 {[%clk 1:29:18]} 10. c3 {[%clk 1:33:27]} h6
{[%clk 1:29:27]} 11. Bd2 {[%clk 1:31:28]} Re8 {[%clk 1:28:11]} 12. Nc2
{[%clk 1:21:40]} Bf8 {[%clk 1:27:23]} 13. b4 {[%clk 1:17:31]} cxb4
{[%clk 1:24:10]} 14. cxb4 {[%clk 1:14:53]} Be6 {[%clk 1:24:22]} 15. Bxe6
{[%clk 0:52:55]} Rxe6 {[%clk 1:24:36]} 16. b5 {[%clk 0:53:12]} Ne7
{[%clk 1:24:16]} 17. Qb1 {[%clk 0:50:31]} Ng6 {[%clk 1:17:57]} 18. Qb3
{[%clk 0:35:50]} d5 {[%clk 1:09:27]} 19. Nb4 {[%clk 0:36:07]} d4 {[%clk 1:06:48]}
20. a5 {[%clk 0:31:15]} Rc8 {[%clk 0:53:42]} 21. a6 {[%clk 0:23:24]} Bxb4
{[%clk 0:52:53]} 22. axb7 {[%clk 0:22:50]} Rb8 {[%clk 0:52:57]} 23. Qxb4
{[%clk 0:21:12]} Rxb7 {[%clk 0:53:03]} 24. Reb1 {[%clk 0:12:18]} a6
{[%clk 0:33:52]} 25. Qc4 {[%clk 0:08:52]} Qb8 {[%clk 0:31:21]} 26. b6
{[%clk 0:09:17]} Rbxb6 {[%clk 0:30:24]} 27. Rc1 {[%clk 0:07:14]} Qb7
{[%clk 0:24:47]} 28. Qc8+ {[%clk 0:07:25]} Qxc8 {[%clk 0:19:08]} 29. Rxc8+
{[%clk 0:07:48]} Ne8 {[%clk 0:19:23]} 30. Kf1 {[%clk 0:07:33]} f6
{[%clk 0:19:24]} 31. g3 {[%clk 0:03:16]} Kf7 {[%clk 0:19:38]} 32. Ra8
{[%clk 0:03:01]} Rec6 {[%clk 0:15:10]} 33. Ra7+ {[%clk 0:03:24]} Ne7
{[%clk 0:14:35]} 34. Ba5 {[%clk 0:01:44]} Rb8 {[%clk 0:15:03]} 35. Ra4
{[%clk 0:01:31]} Nd6 {[%clk 0:08:52]} 36. Bd2 {[%clk 0:01:51]} Rbb6
{[%clk 0:08:28]} 37. Ba5 {[%clk 0:02:19]} Rb1+ {[%clk 0:08:01]} 38. Be1
{[%clk 0:02:32]} Rbb6 {[%clk 0:06:05]} 39. Ba5 {[%clk 0:03:00]} Rb7
{[%clk 0:06:19]} 40. Ra8 {[%clk 0:32:04]} Nec8 {[%clk 0:33:09]} 41. Bd2
{[%clk 0:24:47]} Ra7 {[%clk 0:33:06]} 42. Rxa7+ {[%clk 0:25:07]} Nxa7
{[%clk 0:33:33]} 43. Bb4 {[%clk 0:24:40]} Nb7 {[%clk 0:31:16]} 44. Nd2
{[%clk 0:25:04]} a5 {[%clk 0:20:55]} 45. Nc4 {[%clk 0:24:55]} Ra6
{[%clk 0:21:07]} 46. Ra1 {[%clk 0:19:52]} Nc6 {[%clk 0:19:24]} 47. Ba3
{[%clk 0:19:15]} a4 {[%clk 0:13:04]} 48. Rb1 {[%clk 0:19:26]} Nba5
{[%clk 0:13:06]} 49. Nxa5 {[%clk 0:19:31]} Nxa5 {[%clk 0:12:35]} 50. Rb4
{[%clk 0:19:39]} Nb3 {[%clk 0:07:09]} 51. Rb7+ {[%clk 0:18:53]} Ke8
{[%clk 0:07:14]} 52. Rxg7 {[%clk 0:15:46]} Nd2+ {[%clk 0:06:05]} 53. Ke2
{[%clk 0:14:09]} Nb1 {[%clk 0:06:29]} 54. Bb2 {[%clk 0:14:30]} Rb6
{[%clk 0:01:23]} 55. Bc1 {[%clk 0:10:35]} a3 {[%clk 0:01:40]} 56. Ra7
{[%clk 0:11:01]} Rb2+ {[%clk 0:00:37]} 57. Kf3 {[%clk 0:08:51]} Rb3
{[%clk 0:01:03]} 58. Bxh6 {[%clk 0:09:16]} Rxd3+ {[%clk 0:00:37]} 59. Kg4
{[%clk 0:09:46]} Rb3 {[%clk 0:00:57]} 60. h4 {[%clk 0:09:41]} Nc3
{[%clk 0:00:49]} 61. h5 {[%clk 0:07:57]} a2 {[%clk 0:00:40]} 62. Bd2
{[%clk 0:07:16]} Nxe4 {[%clk 0:01:04]} 63. h6 {[%clk 0:06:06]} Rb7
{[%clk 0:01:27]} 64. Rxa2 {[%clk 0:04:26]} Kf7 {[%clk 0:01:55]} 65. h7
{[%clk 0:01:39]} Rb8 {[%clk 0:01:26]} 66. f4 {[%clk 0:01:45]} Kg6
{[%clk 0:01:20]} 67. fxe5 {[%clk 0:00:46]} fxe5 {[%clk 0:01:48]} 68. Ra6+
{[%clk 0:00:57]} Kxh7 {[%clk 0:01:43]} 69. Ba5 {[%clk 0:01:14]} Rf8
{[%clk 0:01:24]} 70. Re6 {[%clk 0:01:19]} Nf6+ {[%clk 0:00:36]} 71. Kg5
{[%clk 0:01:36]} Ne4+ {[%clk 0:00:35]} 72. Kg4 {[%clk 0:01:50]} Nf2+
{[%clk 0:01:01]} 73. Kg5 {[%clk 0:02:15]} e4 {[%clk 0:00:36]} 74. Re7+
{[%clk 0:02:10]} Kg8 {[%clk 0:01:03]} 75. Kg6 {[%clk 0:02:21]} 1/2-1/2

[Event "World Team Chess Championship"]
[Site "Khanty-Mansiysk, RUS."]
[Date "2017.06.23"]
[Round "6.17"]
[White "Shankland Samuel L (USA)"]
[Black "Hesham Abdelrahman (EGY)"]
[Result "1-0"]
[BlackElo "2372"]
[WhiteElo "2676"]
[LiveChessVersion "1.4.8"]

1. d4 {[%clk 1:30:50]} Nf6 {[%clk 1:30:43]} 2. c4 {[%clk 1:31:14]} g6
{[%clk 1:31:08]} 3. Nc3 {[%clk 1:31:38]} Bg7 {[%clk 1:31:32]} 4. e4
{[%clk 1:32:01]} d6 {[%clk 1:31:57]} 5. Nge2 {[%clk 1:32:21]} O-O
{[%clk 1:30:19]} 6. Ng3 {[%clk 1:32:47]} Nc6 {[%clk 1:16:32]} 7. d5
{[%clk 1:30:32]} Ne5 {[%clk 1:14:42]} 8. Be2 {[%clk 1:29:23]} h5 {[%clk 1:07:15]}
9. f4 {[%clk 1:25:55]} Ned7 {[%clk 1:07:08]} 10. Be3 {[%clk 1:21:51]} Nc5
{[%clk 0:42:53]} 11. Bf3 {[%clk 1:05:08]} Ng4 {[%clk 0:40:17]} 12. Bd4
{[%clk 0:56:28]} Bh6 {[%clk 0:30:44]} 13. b4 {[%clk 0:51:12]} e5 {[%clk 0:27:56]}
14. fxe5 {[%clk 0:50:20]} Na6 {[%clk 0:27:05]} 15. exd6 {[%clk 0:47:30]} Qxd6
{[%clk 0:25:45]} 16. c5 {[%clk 0:46:30]} Qf4 {[%clk 0:25:41]} 17. Nce2
{[%clk 0:40:55]} Qg5 {[%clk 0:25:58]} 18. b5 {[%clk 0:40:51]} Nb8
{[%clk 0:15:56]} 19. Bxg4 {[%clk 0:34:27]} Bxg4 {[%clk 0:12:20]} 20. Bb2
{[%clk 0:34:46]} h4 {[%clk 0:07:20]} 21. Qd4 {[%clk 0:27:57]} Kh7
{[%clk 0:07:21]} 22. Bc1 {[%clk 0:28:20]} Qe7 {[%clk 0:07:43]} 23. Bxh6
{[%clk 0:28:43]} Kxh6 {[%clk 0:08:08]} 24. e5 {[%clk 0:20:37]} f5
{[%clk 0:06:58]} 25. d6 {[%clk 0:17:07]} cxd6 {[%clk 0:06:54]} 26. cxd6
{[%clk 0:17:19]} Qe8 {[%clk 0:04:20]} 27. Nf4 {[%clk 0:12:00]} Qxb5
{[%clk 0:03:10]} 28. h3 {[%clk 0:11:32]} Nc6 {[%clk 0:01:41]} 29. Qe3
{[%clk 0:11:18]} Nb4 {[%clk 0:01:01]} 30. Rc1 {[%clk 0:10:33]} Rac8
{[%clk 0:01:11]} 31. Rxc8 {[%clk 0:07:19]} Rxc8 {[%clk 0:01:34]} 32. Nfe2+
{[%clk 0:07:04]} Kg7 {[%clk 0:01:26]} 33. O-O {[%clk 0:07:00]} Nc2
{[%clk 0:01:40]} 34. Qg5 {[%clk 0:06:54]} Qxe5 {[%clk 0:00:32]} 35. d7
{[%clk 0:07:13]} Rh8 {[%clk 0:00:35]} 36. Nf4 {[%clk 0:05:50]} Qd4+
{[%clk 0:00:35]} 37. Kh1 {[%clk 0:06:15]} Qxd7 {[%clk 0:00:33]} 38. Qxg6+
{[%clk 0:05:59]} Kf8 {[%clk 0:01:02]} 39. Qf6+ {[%clk 0:06:08]} Kg8
{[%clk 0:01:27]} 40. Ng6 {[%clk 0:36:24]} Rh6 {[%clk 0:30:59]} 1-0

[Event "World Team Chess Championship"]
[Site "Khanty-Mansiysk, RUS."]
[Date "2017.06.23"]
[Round "6.18"]
[White "Fawzy Adham (EGY)"]
[Black "Akobian Varuzhan (USA)"]
[Result "1/2-1/2"]
[BlackElo "2673"]
[WhiteElo "2418"]
[LiveChessVersion "1.4.8"]

1. e4 {[%clk 1:30:52]} e6 {[%clk 1:30:45]} 2. d4 {[%clk 1:31:17]} d5
{[%clk 1:31:11]} 3. Nd2 {[%clk 1:31:36]} c5 {[%clk 1:29:43]} 4. Ngf3
{[%clk 1:32:03]} cxd4 {[%clk 1:29:23]} 5. Nxd4 {[%clk 1:32:31]} Nc6
{[%clk 1:29:37]} 6. Bb5 {[%clk 1:32:49]} Bd7 {[%clk 1:30:04]} 7. Nxc6
{[%clk 1:33:11]} bxc6 {[%clk 1:30:11]} 8. Bd3 {[%clk 1:33:05]} Bd6
{[%clk 1:30:21]} 9. Qe2 {[%clk 1:31:20]} Qc7 {[%clk 1:29:50]} 10. Nf3
{[%clk 1:29:32]} Ne7 {[%clk 1:25:39]} 11. e5 {[%clk 1:24:21]} Bc5
{[%clk 1:24:45]} 12. c3 {[%clk 1:22:37]} a5 {[%clk 1:24:39]} 13. O-O
{[%clk 1:17:01]} h6 {[%clk 1:19:23]} 14. Bf4 {[%clk 1:09:47]} Qa7
{[%clk 1:14:03]} 15. a4 {[%clk 1:04:01]} Rb8 {[%clk 0:59:52]} 16. Rab1
{[%clk 1:01:47]} Rb7 {[%clk 0:48:22]} 17. Qd2 {[%clk 0:55:40]} Ng6
{[%clk 0:39:27]} 18. Bxg6 {[%clk 0:44:32]} fxg6 {[%clk 0:39:52]} 19. b4
{[%clk 0:44:14]} Be7 {[%clk 0:26:59]} 20. Qd3 {[%clk 0:38:23]} Kf7
{[%clk 0:26:08]} 21. Be3 {[%clk 0:38:34]} Qa8 {[%clk 0:24:48]} 22. b5
{[%clk 0:17:01]} cxb5 {[%clk 0:22:28]} 23. axb5 {[%clk 0:17:30]} Rc8
{[%clk 0:22:26]} 24. Nd4 {[%clk 0:16:40]} a4 {[%clk 0:22:15]} 25. f4
{[%clk 0:16:22]} Qa5 {[%clk 0:17:26]} 26. f5 {[%clk 0:15:41]} gxf5
{[%clk 0:09:58]} 27. Nxf5 {[%clk 0:15:19]} exf5 {[%clk 0:07:33]} 28. Qxd5+
{[%clk 0:15:20]} Ke8 {[%clk 0:07:51]} 29. Qxb7 {[%clk 0:14:05]} Qxc3
{[%clk 0:07:47]} 30. Qf3 {[%clk 0:10:25]} a3 {[%clk 0:07:26]} 31. b6
{[%clk 0:08:36]} a2 {[%clk 0:07:00]} 32. Ra1 {[%clk 0:08:22]} Be6
{[%clk 0:06:57]} 33. Rfc1 {[%clk 0:02:44]} Qb3 {[%clk 0:02:03]} 34. Rxc8+
{[%clk 0:01:59]} Bxc8 {[%clk 0:02:32]} 35. Bd4 {[%clk 0:00:48]} Qb1+
{[%clk 0:01:49]} 36. Qf1 {[%clk 0:00:33]} Qb4 {[%clk 0:00:57]} 37. Bf2
{[%clk 0:00:35]} Be6 {[%clk 0:01:18]} 38. Qc1 {[%clk 0:00:52]} Kf7
{[%clk 0:01:18]} 39. Qc2 {[%clk 0:00:45]} Bd8 {[%clk 0:00:31]} 40. Qc5
{[%clk 0:30:34]} Qb1+ {[%clk 0:30:31]} 41. Qc1 {[%clk 0:31:00]} Qb5
{[%clk 0:15:03]} 42. Qe3 {[%clk 0:29:28]} Be7 {[%clk 0:11:28]} 43. h3
{[%clk 0:22:46]} Kg6 {[%clk 0:10:14]} 44. Qc3 {[%clk 0:21:22]} Kh7
{[%clk 0:10:06]} 45. Bd4 {[%clk 0:21:14]} Bd8 {[%clk 0:09:03]} 46. Qc5
{[%clk 0:07:58]} Qb1+ {[%clk 0:08:36]} 47. Kh2 {[%clk 0:07:59]} Bg5
{[%clk 0:08:23]} 48. Qc6 {[%clk 0:06:46]} Bf4+ {[%clk 0:05:56]} 49. g3
{[%clk 0:07:14]} Be3 {[%clk 0:03:44]} 50. Rxb1 {[%clk 0:06:45]} axb1=Q
{[%clk 0:04:06]} 51. Bxe3 {[%clk 0:07:01]} Qa2+ {[%clk 0:00:37]} 52. Qg2
{[%clk 0:07:21]} Qxg2+ {[%clk 0:00:39]} 53. Kxg2 {[%clk 0:07:50]} g5
{[%clk 0:00:44]} 54. Kf2 {[%clk 0:06:00]} Bd5 {[%clk 0:01:10]} 55. h4
{[%clk 0:02:11]} Kg6 {[%clk 0:01:22]} 56. Ke2 {[%clk 0:00:53]} Be4
{[%clk 0:00:35]} 57. Bc1 {[%clk 0:00:35]} Bd5 {[%clk 0:00:39]} 58. Kd3
{[%clk 0:00:40]} f4 {[%clk 0:00:59]} 59. Bxf4 {[%clk 0:00:50]} gxf4
{[%clk 0:01:25]} 60. gxf4 {[%clk 0:01:19]} Kf5 {[%clk 0:01:40]} 61. Kd4
{[%clk 0:00:58]} Bb7 {[%clk 0:01:20]} 62. Ke3 {[%clk 0:00:43]} h5
{[%clk 0:01:10]} 63. Kd4 {[%clk 0:01:03]} Ke6 {[%clk 0:01:15]} 64. Kc5
{[%clk 0:01:31]} Ba8 {[%clk 0:01:22]} 65. Kc4 {[%clk 0:01:43]} Bb7
{[%clk 0:01:28]} 66. Kd4 {[%clk 0:02:08]} 1/2-1/2

[Event "World Team Chess Championship"]
[Site "Khanty-Mansiysk, RUS."]
[Date "2017.06.23"]
[Round "6.19"]
[White "Robson Ray (USA)"]
[Black "Abdelnabbi Imed (EGY)"]
[Result "1-0"]
[BlackElo "2428"]
[WhiteElo "2656"]
[LiveChessVersion "1.4.8"]

1. e4 {[%clk 1:30:55]} c5 {[%clk 1:30:54]} 2. Nf3 {[%clk 1:31:06]} d6
{[%clk 1:31:20]} 3. d4 {[%clk 1:31:06]} cxd4 {[%clk 1:31:45]} 4. Nxd4
{[%clk 1:31:12]} Nf6 {[%clk 1:32:08]} 5. Nc3 {[%clk 1:31:08]} Nc6
{[%clk 1:32:32]} 6. Bg5 {[%clk 1:30:58]} e6 {[%clk 1:32:53]} 7. Qd2
{[%clk 1:30:55]} a6 {[%clk 1:33:18]} 8. O-O-O {[%clk 1:30:47]} Bd7
{[%clk 1:33:36]} 9. f3 {[%clk 1:30:12]} Qc7 {[%clk 1:29:30]} 10. h4
{[%clk 1:26:11]} Ne5 {[%clk 1:23:01]} 11. Bd3 {[%clk 1:13:02]} h6
{[%clk 1:16:38]} 12. Be3 {[%clk 1:11:11]} h5 {[%clk 1:09:07]} 13. Rhe1
{[%clk 1:06:19]} b5 {[%clk 1:08:33]} 14. Kb1 {[%clk 1:05:41]} Be7
{[%clk 1:06:31]} 15. Bg5 {[%clk 1:03:37]} Nc4 {[%clk 1:00:18]} 16. Bxc4
{[%clk 1:02:00]} Qxc4 {[%clk 0:57:14]} 17. Nf5 {[%clk 0:58:00]} exf5
{[%clk 0:54:25]} 18. exf5 {[%clk 0:56:39]} Bxf5 {[%clk 0:51:55]} 19. Rxe7+
{[%clk 0:55:13]} Kxe7 {[%clk 0:50:53]} 20. Qxd6+ {[%clk 0:55:29]} Ke8
{[%clk 0:51:20]} 21. Bxf6 {[%clk 0:54:48]} gxf6 {[%clk 0:51:37]} 22. Re1+
{[%clk 0:54:20]} Be6 {[%clk 0:51:47]} 23. Nd5 {[%clk 0:54:44]} Qxd5
{[%clk 0:50:04]} 24. Qxd5 {[%clk 0:55:06]} Rd8 {[%clk 0:47:01]} 25. Rxe6+
{[%clk 0:55:13]} 1-0

[Event "World Team Chess Championship"]
[Site "Khanty-Mansiysk, RUS."]
[Date "2017.06.23"]
[Round "6.20"]
[White "Farahat Ali (EGY)"]
[Black "Xiong Jeffery (USA)"]
[Result "1/2-1/2"]
[BlackElo "2658"]
[WhiteElo "2402"]
[LiveChessVersion "1.4.8"]

1. e4 {[%clk 1:30:54]} c5 {[%clk 1:30:54]} 2. Nf3 {[%clk 1:31:17]} d6
{[%clk 1:31:17]} 3. Bb5+ {[%clk 1:29:24]} Nd7 {[%clk 1:31:35]} 4. O-O
{[%clk 1:29:06]} a6 {[%clk 1:31:36]} 5. Bd3 {[%clk 1:29:03]} Ngf6
{[%clk 1:31:14]} 6. c3 {[%clk 1:26:13]} b5 {[%clk 1:30:23]} 7. Bc2
{[%clk 1:26:07]} Bb7 {[%clk 1:30:44]} 8. Re1 {[%clk 1:25:20]} g6 {[%clk 1:26:04]}
9. d4 {[%clk 1:24:05]} cxd4 {[%clk 1:25:48]} 10. cxd4 {[%clk 1:23:26]} Bg7
{[%clk 1:26:06]} 11. e5 {[%clk 1:16:25]} dxe5 {[%clk 1:26:14]} 12. dxe5
{[%clk 1:16:47]} Nd5 {[%clk 1:26:05]} 13. e6 {[%clk 1:14:14]} fxe6
{[%clk 1:26:18]} 14. Ng5 {[%clk 1:12:03]} Nc5 {[%clk 1:26:02]} 15. Nxh7
{[%clk 1:03:17]} Qd6 {[%clk 1:26:02]} 16. Bxg6+ {[%clk 1:02:41]} Kd7
{[%clk 1:26:23]} 17. Nd2 {[%clk 0:50:35]} Nf6 {[%clk 0:18:28]} 18. Nxf6+
{[%clk 0:47:10]} Bxf6 {[%clk 0:18:56]} 19. Ne4 {[%clk 0:43:37]} Bxe4
{[%clk 0:19:24]} 20. Qxd6+ {[%clk 0:43:36]} exd6 {[%clk 0:19:51]} 21. Bxe4
{[%clk 0:43:29]} 1/2-1/2

[Event "World Team Chess Championship"]
[Site "Khanty-Mansiysk, RUS."]
[Date "2017.06.24"]
[Round "7.1"]
[White "Hesham Abdelrahman (EGY)"]
[Black "Kovalev Vladislav (BLR)"]
[Result "0-1"]
[BlackElo "2641"]
[WhiteElo "2372"]
[LiveChessVersion "1.4.8"]

1. d4 {[%clk 1:30:58]} Nf6 {[%clk 1:30:49]} 2. c4 {[%clk 1:31:23]} g6
{[%clk 1:31:16]} 3. f3 {[%clk 1:31:47]} Bg7 {[%clk 1:31:29]} 4. e4
{[%clk 1:32:11]} O-O {[%clk 1:31:56]} 5. Nc3 {[%clk 1:32:35]} d6 {[%clk 1:32:21]}
6. Be3 {[%clk 1:33:00]} c5 {[%clk 1:32:44]} 7. Nge2 {[%clk 1:33:16]} Nc6
{[%clk 1:33:10]} 8. d5 {[%clk 1:33:40]} Ne5 {[%clk 1:33:35]} 9. Ng3
{[%clk 1:34:04]} h5 {[%clk 1:33:12]} 10. Be2 {[%clk 1:34:29]} h4 {[%clk 1:33:21]}
11. Nf1 {[%clk 1:34:53]} e6 {[%clk 1:33:49]} 12. f4 {[%clk 1:23:45]} Nxc4
{[%clk 1:33:56]} 13. Bxc4 {[%clk 1:24:10]} b5 {[%clk 1:34:19]} 14. Bxb5
{[%clk 1:24:37]} exd5 {[%clk 1:33:53]} 15. e5 {[%clk 1:24:56]} dxe5
{[%clk 1:29:42]} 16. fxe5 {[%clk 1:24:57]} Bg4 {[%clk 1:25:45]} 17. exf6
{[%clk 1:22:54]} Bxd1 {[%clk 1:25:50]} 18. fxg7 {[%clk 1:23:18]} Kxg7
{[%clk 1:26:17]} 19. Bxc5 {[%clk 1:22:07]} h3 {[%clk 1:26:30]} 20. Rxd1
{[%clk 1:22:21]} hxg2 {[%clk 1:26:53]} 21. Rg1 {[%clk 1:22:47]} gxf1=Q+
{[%clk 1:26:48]} 22. Kxf1 {[%clk 1:22:51]} Rb8 {[%clk 1:13:17]} 23. Rg2
{[%clk 1:09:51]} a6 {[%clk 1:01:24]} 24. Ba4 {[%clk 0:56:15]} Qh4
{[%clk 0:54:59]} 25. Bb3 {[%clk 0:40:15]} Rfe8 {[%clk 0:49:57]} 26. Bxd5
{[%clk 0:34:27]} Rbd8 {[%clk 0:47:04]} 27. Bf2 {[%clk 0:32:36]} Qh5
{[%clk 0:42:22]} 28. Kg1 {[%clk 0:22:22]} f6 {[%clk 0:36:37]} 29. Bg3
{[%clk 0:17:43]} Re3 {[%clk 0:35:33]} 30. Rgd2 {[%clk 0:18:02]} Qg5
{[%clk 0:28:59]} 31. Bg2 {[%clk 0:17:47]} Rxg3 {[%clk 0:19:59]} 32. Rd7+
{[%clk 0:17:09]} Rxd7 {[%clk 0:20:23]} 33. Rxd7+ {[%clk 0:17:36]} Kh6
{[%clk 0:20:39]} 34. hxg3 {[%clk 0:17:58]} Qxg3 {[%clk 0:21:00]} 35. Rd1
{[%clk 0:06:45]} f5 {[%clk 0:19:06]} 36. Rf1 {[%clk 0:05:50]} Qe3+
{[%clk 0:15:44]} 37. Kh1 {[%clk 0:05:43]} Qd2 {[%clk 0:15:41]} 38. Rf3 Qxb2
{[%clk 0:15:25]} 39. Rh3+ {[%clk 0:00:33]} Kg7 {[%clk 0:15:22]} 40. Rg3
{[%clk 0:30:32]} Qc1+ {[%clk 0:44:04]} 41. Kh2 {[%clk 0:30:24]} Qf4
{[%clk 0:42:23]} 42. Nd5 {[%clk 0:28:37]} Qe5 {[%clk 0:40:42]} 43. Nb4
{[%clk 0:14:36]} Qd6 {[%clk 0:40:00]} 44. Nd3 {[%clk 0:14:23]} g5
{[%clk 0:39:32]} 45. Bf1 {[%clk 0:14:42]} Kf6 {[%clk 0:37:33]} 46. Nf2
{[%clk 0:12:09]} g4 {[%clk 0:34:36]} 47. Kg2 {[%clk 0:08:24]} Qd5+
{[%clk 0:34:56]} 48. Kg1 {[%clk 0:08:52]} Qxa2 {[%clk 0:34:37]} 49. Rc3
{[%clk 0:06:39]} a5 {[%clk 0:34:21]} 50. Nd1 {[%clk 0:02:54]} a4 {[%clk 0:29:30]}
51. Ne3 {[%clk 0:02:59]} Qd2 {[%clk 0:26:12]} 52. Rd3 {[%clk 0:02:34]} Qc1
{[%clk 0:25:59]} 53. Nc4 {[%clk 0:01:02]} Qxc4 {[%clk 0:25:17]} 54. Rd6+
{[%clk 0:01:27]} Ke5 {[%clk 0:25:45]} 55. Bxc4 {[%clk 0:01:50]} Kxd6 0-1

[Event "World Team Chess Championship"]
[Site "Khanty-Mansiysk, RUS."]
[Date "2017.06.24"]
[Round "7.2"]
[White "Aleksandrov Aleksej (BLR)"]
[Black "Fawzy Adham (EGY)"]
[Result "1/2-1/2"]
[BlackElo "2418"]
[WhiteElo "2565"]
[LiveChessVersion "1.4.8"]

1. d4 {[%clk 1:30:53]} Nf6 {[%clk 1:30:58]} 2. c4 {[%clk 1:31:18]} e6
{[%clk 1:31:22]} 3. Nc3 {[%clk 1:31:38]} Bb4 {[%clk 1:31:49]} 4. e3
{[%clk 1:31:53]} O-O {[%clk 1:32:11]} 5. Bd3 {[%clk 1:32:09]} d5 {[%clk 1:32:38]}
6. cxd5 {[%clk 1:31:18]} exd5 {[%clk 1:33:05]} 7. Nge2 {[%clk 1:31:21]} Re8
{[%clk 1:33:33]} 8. O-O {[%clk 1:30:53]} Bd6 {[%clk 1:33:40]} 9. Bd2
{[%clk 1:28:07]} a6 {[%clk 1:33:43]} 10. Qc2 {[%clk 1:28:01]} b5 {[%clk 1:31:30]}
11. f3 {[%clk 1:24:12]} Bb7 {[%clk 1:21:17]} 12. e4 {[%clk 0:56:00]} dxe4
{[%clk 1:19:39]} 13. fxe4 {[%clk 0:43:15]} b4 {[%clk 1:08:25]} 14. e5
{[%clk 0:40:35]} bxc3 {[%clk 1:07:23]} 15. Nxc3 {[%clk 0:40:28]} Nbd7
{[%clk 0:50:40]} 16. Bg5 {[%clk 0:36:53]} Be7 {[%clk 0:39:39]} 17. exf6
{[%clk 0:33:37]} Nxf6 {[%clk 0:40:00]} 18. Rad1 {[%clk 0:32:31]} Qxd4+
{[%clk 0:34:51]} 19. Kh1 {[%clk 0:32:53]} Qg4 {[%clk 0:34:18]} 20. Bxf6
{[%clk 0:31:17]} Bxf6 {[%clk 0:33:41]} 21. Bxh7+ {[%clk 0:31:34]} Kh8
{[%clk 0:34:10]} 22. Bf5 {[%clk 0:30:16]} Qh4 {[%clk 0:32:39]} 23. Qf2
{[%clk 0:26:22]} Qxf2 {[%clk 0:30:44]} 24. Rxf2 {[%clk 0:26:47]} Rad8
{[%clk 0:30:55]} 25. Rxd8 {[%clk 0:23:47]} Rxd8 {[%clk 0:31:23]} 26. h3
{[%clk 0:23:31]} Re8 {[%clk 0:30:42]} 27. Rf1 {[%clk 0:15:50]} Bxc3
{[%clk 0:26:33]} 28. bxc3 {[%clk 0:16:16]} Re2 {[%clk 0:25:28]} 29. Rb1
{[%clk 0:14:36]} Bxg2+ {[%clk 0:25:50]} 30. Kg1 {[%clk 0:15:03]} g6
{[%clk 0:25:57]} 31. Bd3 {[%clk 0:15:25]} Rxa2 {[%clk 0:24:23]} 32. Bc4
{[%clk 0:15:50]} Rc2 {[%clk 0:24:11]} 33. Bb3 {[%clk 0:15:51]} Rd2
{[%clk 0:17:22]} 34. Bxf7 {[%clk 0:16:14]} Kg7 {[%clk 0:09:02]} 35. Bc4
{[%clk 0:16:20]} a5 {[%clk 0:05:18]} 36. h4 {[%clk 0:14:39]} Bd5 {[%clk 0:05:21]}
37. Bxd5 {[%clk 0:06:18]} Rxd5 {[%clk 0:05:48]} 38. Rb8 {[%clk 0:06:20]} Rc5
{[%clk 0:04:14]} 39. Ra8 {[%clk 0:06:44]} Kh6 {[%clk 0:04:09]} 40. Rh8+
{[%clk 0:37:01]} Kg7 {[%clk 0:34:37]} 41. Ra8 {[%clk 0:37:26]} Kf6
{[%clk 0:33:20]} 42. Kf2 {[%clk 0:37:52]} Kf5 {[%clk 0:29:32]} 43. Ra6
{[%clk 0:38:04]} c6 {[%clk 0:27:29]} 44. Ke2 {[%clk 0:36:55]} Rxc3
{[%clk 0:16:09]} 45. Rxa5+ {[%clk 0:37:19]} c5 {[%clk 0:16:37]} 46. Ra6
{[%clk 0:22:38]} c4 {[%clk 0:10:52]} 47. Rc6 {[%clk 0:19:28]} Rc2+
{[%clk 0:06:40]} 48. Kd1 {[%clk 0:19:32]} Rc3 {[%clk 0:05:47]} 49. Ke2
{[%clk 0:19:56]} Rc2+ {[%clk 0:04:20]} 50. Kd1 {[%clk 0:20:22]} Rg2
{[%clk 0:04:14]} 51. Rxc4 {[%clk 0:20:46]} Rg4 {[%clk 0:04:37]} 52. Rc5+
{[%clk 0:21:11]} Kf4 {[%clk 0:04:55]} 53. h5 {[%clk 0:21:36]} 1/2-1/2

[Event "World Team Chess Championship"]
[Site "Khanty-Mansiysk, RUS."]
[Date "2017.06.24"]
[Round "7.3"]
[White "Ameir Moheb (EGY)"]
[Black "Stupak Kirill (BLR)"]
[Result "0-1"]
[BlackElo "2564"]
[WhiteElo "2399"]
[LiveChessVersion "1.4.8"]

1. e4 {[%clk 1:30:58]} e6 {[%clk 1:30:59]} 2. d4 {[%clk 1:31:21]} d5
{[%clk 1:31:27]} 3. Nd2 {[%clk 1:31:44]} Be7 {[%clk 1:31:43]} 4. e5
{[%clk 1:31:47]} c5 {[%clk 1:31:39]} 5. c3 {[%clk 1:32:16]} Nc6 {[%clk 1:31:32]}
6. Bd3 {[%clk 1:32:38]} Qb6 {[%clk 1:20:13]} 7. Ndf3 {[%clk 1:32:01]} f6
{[%clk 1:03:26]} 8. Ne2 {[%clk 1:28:45]} fxe5 {[%clk 0:58:01]} 9. dxe5
{[%clk 1:26:53]} Bd7 {[%clk 0:55:41]} 10. O-O {[%clk 1:24:23]} O-O-O
{[%clk 0:54:21]} 11. b4 {[%clk 1:16:15]} Qc7 {[%clk 0:46:58]} 12. Bf4
{[%clk 1:02:28]} Rf8 {[%clk 0:37:20]} 13. bxc5 {[%clk 1:00:43]} Bxc5
{[%clk 0:33:37]} 14. Bg3 {[%clk 0:51:38]} Nge7 {[%clk 0:31:06]} 15. Ned4
{[%clk 0:50:21]} a6 {[%clk 0:27:31]} 16. Rc1 {[%clk 0:47:24]} Kb8
{[%clk 0:23:43]} 17. Qe2 {[%clk 0:41:47]} h6 {[%clk 0:18:13]} 18. Nxc6+
{[%clk 0:35:42]} Nxc6 {[%clk 0:16:57]} 19. c4 {[%clk 0:31:07]} Nb4
{[%clk 0:15:06]} 20. cxd5 {[%clk 0:24:24]} Nxd5 {[%clk 0:11:33]} 21. Nd4
{[%clk 0:21:18]} Qb6 {[%clk 0:10:04]} 22. Nf5 {[%clk 0:20:42]} exf5
{[%clk 0:10:01]} 23. e6+ {[%clk 0:17:39]} f4 {[%clk 0:10:30]} 24. exd7
{[%clk 0:16:42]} fxg3 {[%clk 0:09:29]} 25. hxg3 {[%clk 0:17:00]} Qd6
{[%clk 0:03:14]} 26. Kh1 {[%clk 0:10:03]} Bd4 {[%clk 0:02:17]} 27. Rfd1
{[%clk 0:08:16]} Qxd7 {[%clk 0:01:53]} 28. Bxa6 {[%clk 0:05:42]} Rxf2
{[%clk 0:01:33]} 29. Qh5 {[%clk 0:04:35]} Nf6 {[%clk 0:01:07]} 30. Qa5
{[%clk 0:04:06]} Rf5 {[%clk 0:00:47]} 0-1